Areas
| Corporate Author: | |
|---|---|
| Format: | Electronic Journal |
| Language: | Spanish |
| Published: |
Murcia [Spain] :
Editora Regional de Murcia,
1981-
[Murcia] : Edit.um, Ediciones de la Universidad de Murcia |
| Subjects: | |
| Online Access: | Full text available from Research Library: 01/01/2014 to present Full text available from PRISMA Database with HAPI Index: 01/01/2014 to 01/31/2016 |
MARC
| LEADER | 00000nas a2200000 a 4500 | ||
|---|---|---|---|
| 001 | ssj0001454067 | ||
| 003 | WaSeSS | ||
| 005 | 20200512172242.0 | ||
| 006 | m d | ||
| 007 | cr n | ||
| 008 | 830105c19819999sp ar p s 0 b0spa c | ||
| 010 | |a 89645368 |z sn 85019828 | ||
| 022 | |l 0211-6707 |y 0211-6707 | ||
| 035 | |a (WaSeSS)ssj0001454067 | ||
| 040 | |a GZM |b eng |c GZM |d HUL |d DLC |d NST |d SYS |d OCLCQ |d OCLCF |d OCLCO |d HLS |d OCLCQ |d WaSeSS | ||
| 042 | |a pcc | ||
| 043 | |a e-sp--- | ||
| 050 | 0 | 0 | |a DP302.M8 |b A74 |
| 082 | 0 | 0 | |a 946/.77005 |2 20 |
| 130 | 0 | |a Areas (Murcia, Spain) | |
| 222 | 0 | |a Áreas |b (Murcia) | |
| 245 | 1 | 0 | |a Areas |h [electronic resource]. |
| 260 | |a Murcia [Spain] : |b Editora Regional de Murcia, |c 1981- | ||
| 260 | 3 | |3 <2013-> : |a [Murcia] : |b Edit.um, Ediciones de la Universidad de Murcia | |
| 310 | |a Annual, |b <1987-> | ||
| 321 | |a Semiannual, |b 1981- | ||
| 362 | 0 | |a 1 (1er semestre 1981)- | |
| 506 | |a License restrictions may limit access. | ||
| 588 | |a Latest issue consulted: 8 (año 1987). | ||
| 651 | 0 | |a Murcia (Spain : Region) |v Periodicals. | |
| 651 | 7 | |a Spain |z Murcia Region. |2 fast |0 (OCoLC)fst01331658 | |
| 655 | 0 | |a Electronic journals. | |
| 710 | 2 | |a Editora Regional de Murcia. | |
| 850 | |a CU-S |a DLC |a MH | ||
| 853 | 0 | 0 | |8 1 |a (*) |i (year) |j (*) |
| 856 | 4 | 0 | |z Full text available from Research Library: 01/01/2014 to present |u https://search.proquest.com/publication/2035790 |
| 856 | 4 | 0 | |z Full text available from PRISMA Database with HAPI Index: 01/01/2014 to 01/31/2016 |u https://search.proquest.com/publication/2036015 |
| 863 | 4 | 0 | |8 1 |a <1>- |i <1981>- |x provisional |